000 01019nam1a22002771 4500
001 v19\rc\1908572
005 20260407002422.0
035 _a(NLR Aleph) 004997442
090 _a6350784
_c6350784
100 _a20251123 rusy50
101 0 _arus
102 _aRU
105 _ay z |||||
200 1 _aОтчет Роменской городской управы о деятельности Городского общественного управления и о состоянии городского хозяйства...
210 _aРомны
_d1909-1913
710 0 2 _aРоменская городская управа
_3RU\NLR\AUTH\889992988
_9482333
801 0 _aRU
_bNLR
_gpsbo
801 0 _aRU
_bRuMoRGB
_2psbo
801 1 _aRU
_bProSoft-M
_2rusmarc
852 _aNLR
_j19.49.1.18
899 _aRuMoRGB
_jT 28/311 (1910-1912)
_y(1910-1912)
899 _aRuMoRGB
_jA 139/40 (1912)
_y(1910-1912)
899 _aБАН
_y(1911-1912)
899 _aГПИБ
_y(1911-1912)
942 _cBOOK
980 _aNB